<?xml version="1.0" encoding="UTF-8"?>
<record
    xmlns:xsi="http://www.w3.org/2001/XMLSchema-instance"
    xsi:schemaLocation="http://www.loc.gov/MARC21/slim http://www.loc.gov/standards/marcxml/schema/MARC21slim.xsd"
    xmlns="http://www.loc.gov/MARC21/slim">

  <leader>01463nam a2200289   4500</leader>
  <controlfield tag="001">114353</controlfield>
  <controlfield tag="003">DR-UNIBE</controlfield>
  <controlfield tag="005">20260129155728.0</controlfield>
  <controlfield tag="008">260129b2011    dr ||||| |||| 00| 0 spa d</controlfield>
  <datafield tag="020" ind1=" " ind2=" ">
    <subfield code="a">9789945164466</subfield>
  </datafield>
  <datafield tag="040" ind1=" " ind2=" ">
    <subfield code="a">BIBLIOTECA UNIBE</subfield>
    <subfield code="b">spa</subfield>
    <subfield code="c">BIBLIOTECA UNIBE</subfield>
    <subfield code="e">rda</subfield>
  </datafield>
  <datafield tag="041" ind1=" " ind2=" ">
    <subfield code="a">spa</subfield>
  </datafield>
  <datafield tag="082" ind1=" " ind2=" ">
    <subfield code="a">RD 362.27 G633m</subfield>
  </datafield>
  <datafield tag="100" ind1="1" ind2="0">
    <subfield code="a">G&#xF3;mez, Jos&#xE9; Miguel,</subfield>
    <subfield code="d">1959 -</subfield>
    <subfield code="9">32398</subfield>
    <subfield code="e">autor</subfield>
  </datafield>
  <datafield tag="245" ind1="1" ind2="3">
    <subfield code="a">El marido psic&#xF3;pata : un monstruo vestido de se&#xF1;or / </subfield>
    <subfield code="c">Jos&#xE9; Miguel G&#xF3;mez</subfield>
  </datafield>
  <datafield tag="260" ind1=" " ind2=" ">
    <subfield code="a">Santo Domingo :  </subfield>
    <subfield code="b">Editora B&#xFA;ho,</subfield>
    <subfield code="c">2011</subfield>
  </datafield>
  <datafield tag="300" ind1=" " ind2=" ">
    <subfield code="a">154 p&#xE1;ginas : </subfield>
    <subfield code="c">21 x 13 cm</subfield>
  </datafield>
  <datafield tag="500" ind1=" " ind2=" ">
    <subfield code="a">Informaci&#xF3;n del autor en la solapa, comentario de la obra en la contraportada</subfield>
  </datafield>
  <datafield tag="505" ind1=" " ind2=" ">
    <subfield code="a">Presentaci&#xF3;n |
Pr&#xF3;logo |
Cap&#xED;tulo I. Cuerpo y esqueleto de un psic&#xF3;pata |
Cap&#xED;tulo II. Actitudes emocionales de los psic&#xF3;patas |
Cap&#xED;tulo III. Riesgos psicosociales del os psic&#xF3;patas |
Cap&#xED;tulo IV. Salud mental de la mujer v&#xED;ctima del psic&#xF3;pata |
Cap&#xED;tulo V. El psic&#xF3;pata: alguien para no negociar |
Cap&#xED;tulo VI. &#xBF;Qu&#xE9; hacer con un marido psic&#xF3;pata? |
Bibliograf&#xED;a


</subfield>
  </datafield>
  <datafield tag="650" ind1=" " ind2="7">
    <subfield code="2">lemb</subfield>
    <subfield code="a">Psic&#xF3;patas</subfield>
    <subfield code="9">201950</subfield>
  </datafield>
  <datafield tag="650" ind1=" " ind2="7">
    <subfield code="2">lemb</subfield>
    <subfield code="a">Trastornos de la personalidad antisocial</subfield>
    <subfield code="9">201951</subfield>
  </datafield>
  <datafield tag="650" ind1=" " ind2="7">
    <subfield code="2">lemb</subfield>
    <subfield code="a">Violencia contra la mujer</subfield>
  </datafield>
  <datafield tag="700" ind1="1" ind2="0">
    <subfield code="a">Rodr&#xED;guez de B&#xE1;ez, Martha</subfield>
    <subfield code="9">198116</subfield>
    <subfield code="e">presentaci&#xF3;n</subfield>
  </datafield>
  <datafield tag="700" ind1="1" ind2="0">
    <subfield code="a">Lara de Marmol, Soraya</subfield>
    <subfield code="9">201945</subfield>
    <subfield code="e">presentaci&#xF3;n</subfield>
  </datafield>
  <datafield tag="700" ind1="1" ind2="0">
    <subfield code="a">Deschamps, Alexandra</subfield>
    <subfield code="9">56287</subfield>
    <subfield code="e">diagramador</subfield>
    <subfield code="e">cubierta</subfield>
  </datafield>
  <datafield tag="942" ind1=" " ind2=" ">
    <subfield code="2">ddc</subfield>
    <subfield code="c">BK</subfield>
  </datafield>
  <datafield tag="999" ind1=" " ind2=" ">
    <subfield code="c">114353</subfield>
    <subfield code="d">114353</subfield>
  </datafield>
  <datafield tag="952" ind1=" " ind2=" ">
    <subfield code="0">0</subfield>
    <subfield code="1">0</subfield>
    <subfield code="2">ddc</subfield>
    <subfield code="7">0</subfield>
    <subfield code="8">GEN-RD</subfield>
    <subfield code="a">Principal</subfield>
    <subfield code="d">2025-11-12</subfield>
    <subfield code="l">0</subfield>
    <subfield code="o">RD 362.27 G633m</subfield>
    <subfield code="p">260049</subfield>
    <subfield code="r">2026-01-29 15:44:39</subfield>
    <subfield code="t">Ej. 1</subfield>
    <subfield code="w">2026-01-29</subfield>
    <subfield code="y">BK</subfield>
  </datafield>
</record>
